Statistiques concernant Généraux de la 1ére Guerre Mondiale

Cliquez ici pour prendre le quiz!

Statistiques générales

  • Ce quiz a été pris 48 fois
  • Le résultat moyen est 5 sur 12

Statistiques - réponses

Answer % Correct
Phillipe Pétain
98%
Ferdinand Foch
84%
Joseph Joffre
72%
Paul von Hindenburg
51%
Robert Nivelle
47%
Erich Ludendorff
37%
John Pershing
23%
Douglas Haig
23%
John French
21%
Erich von Falkenhayn
14%
Karl von Bülow
2%
Horace Smith-Dorrien
0%

Distribution des résultats

Percentile par nombre de réponses

% des personnes avec chaque résultat

Votre développement - résultats

Vous n’avez pas pris ce quiz